The language toolkit : practical advice on English grammar and usage

Bibliographic Details
Other Authors: Law, Jonathan
Format: Book
Published: New York : Oxford University Press , 2002
Subjects:

MARC

LEADER 00000cam a2200000 7i4500
001 0000025007
005 20090203.0
008 090203
020 |a 019860615X 
090 0 0 |a 428.2   |b LAN 
245 1 4 |a The language toolkit :   |b practical advice on English grammar and usage   |c edited by Jonathan Law 
260 |a New York :   |b Oxford University Press ,   |c 2002 
650 0 |a English language   |x Grammar   |x Handbooks, manual, etc 
650 0 |a English language   |x Usage   |x Handbooks, manual, etc 
700 1 |a Law, Jonathan 
999 |a 0001039530   |b Book   |c Adult Collection   |e Perbadanan Perpustakaan Awam Johor